000 00371nam a2200169Ia 4500
001 1913
005 20260306143803.0
008 260306t9999||||xx |||||||||||||| ||spa||
041 _aESP
082 _a158.1
_bM86
100 _aMorán F, José
_eAUT
245 0 _aEl desarrollo personal
300 _a
_c
650 _aGEN
654 _aCPS
942 _cLIB
_dJUS
_fJUS
_2ddc
_n
999 _c1913
_d1913